000 00556nam a22002057a 4500
003 OSt
005 20220107122747.0
008 140527b xxu||||| |||| 00| 0 eng d
020 _a9781584883968
040 _cIIITM-K
082 _a511.5 KOC/G
100 _aKocay, William
_95372
245 _aGraphs, algorithms and optimization
_cby William Kocay; Donald L Kreher
260 _aBoca Raton,
_bCRC Press,
_c2012.
300 _a483p.
650 _aMATHEMATICS
_95373
650 _aALGORITHMS
_95374
700 _aKreher, Donald L
_95375
942 _2ddc
_cBK
999 _c4224
_d4224